All Countries by Alphabetical Order with a Map - Statistics

General Stats
  • This quiz has been taken 80 times
  • The average score is 123 of 196
Answers on the Map
Answers color-coded by a green-red scale on the quiz's map according to % correct below.
 
Answer Stats
Answer % Correct
Afghanistan
94%
Albania
91%
Andorra
88%
Algeria
84%
Angola
81%
Antigua and Barbuda
81%
Australia
78%
Austria
78%
Armenia
75%
Bahamas
75%
Argentina
72%
Azerbaijan
72%
Bahrain
72%
Bangladesh
72%
Bhutan
72%
Botswana
72%
Bulgaria
72%
Burkina Faso
72%
Barbados
69%
Belarus
69%
Belgium
69%
Belize
69%
Benin
69%
Bolivia
69%
Brazil
69%
Cambodia
69%
Cameroon
69%
Canada
69%
Chad
69%
China
69%
Colombia
69%
Costa Rica
69%
Croatia
69%
Czech Republic
69%
Denmark
69%
Djibouti
69%
Dominica
69%
Dominican Republic
69%
Ecuador
69%
El Salvador
69%
Equatorial Guinea
69%
Eritrea
69%
Eswatini
69%
Ethiopia
69%
Finland
69%
Bosnia and Herzegovina
66%
Brunei
66%
Burundi
66%
Cape Verde
66%
Central African Republic
66%
Chile
66%
Comoros
66%
Cuba
66%
Democratic Republic of the Congo
66%
Egypt
66%
Estonia
66%
Federated States of Micronesia
66%
Fiji
66%
France
66%
Gambia
66%
Germany
66%
Ghana
66%
Grenada
66%
Guatemala
66%
Guinea
66%
Guinea-Bissau
66%
Guyana
66%
Haiti
66%
Honduras
66%
Hungary
66%
Iceland
66%
India
66%
Indonesia
66%
Iran
66%
Iraq
66%
Italy
66%
Jamaica
66%
Jordan
66%
Kazakhstan
66%
Kenya
66%
Kiribati
66%
Kyrgyzstan
66%
Laos
66%
Lebanon
66%
Lesotho
66%
Liberia
66%
Libya
66%
Liechtenstein
66%
Luxembourg
66%
Malaysia
66%
Mali
66%
Cyprus
63%
East Timor
63%
Gabon
63%
Georgia
63%
Greece
63%
Ireland
63%
Israel
63%
Ivory Coast
63%
Japan
63%
Kuwait
63%
Latvia
63%
Lithuania
63%
Madagascar
63%
Malawi
63%
Maldives
63%
Malta
63%
Marshall Islands
63%
Mauritania
63%
Mauritius
63%
Mexico
63%
Monaco
63%
Nepal
63%
New Zealand
63%
North Korea
63%
North Macedonia
63%
Norway
63%
Pakistan
63%
Palau
63%
Panama
63%
Kosovo
59%
Mongolia
59%
Montenegro
59%
Morocco
59%
Mozambique
59%
Myanmar
59%
Namibia
59%
Netherlands
59%
Nicaragua
59%
Niger
59%
Nigeria
59%
Oman
59%
Papua New Guinea
59%
Paraguay
59%
Philippines
59%
Poland
59%
Portugal
59%
Qatar
59%
Romania
59%
Russia
59%
Rwanda
59%
Moldova
56%
Nauru
56%
Peru
56%
Republic of the Congo
56%
Saint Kitts and Nevis
56%
Saint Lucia
56%
Saint Vincent and the Grenadines
56%
Samoa
56%
San Marino
56%
Senegal
56%
Sierra Leone
56%
Spain
56%
Suriname
56%
Switzerland
56%
Taiwan
56%
Tanzania
56%
Thailand
56%
Vanuatu
56%
Vatican City
56%
Yemen
56%
Zambia
56%
Zimbabwe
56%
Serbia
53%
Slovakia
53%
Slovenia
53%
Somalia
53%
South Africa
53%
South Korea
53%
South Sudan
53%
Sudan
53%
Sweden
53%
Syria
53%
Tajikistan
53%
Togo
53%
Tonga
53%
Trinidad and Tobago
53%
Ukraine
53%
United Arab Emirates
53%
United Kingdom
53%
United States
53%
Uruguay
53%
Uzbekistan
53%
Venezuela
53%
Sao Tome and Principe
50%
Saudi Arabia
50%
Seychelles
50%
Singapore
50%
Solomon Islands
50%
Sri Lanka
50%
Tunisia
50%
Turkey
50%
Turkmenistan
50%
Uganda
50%
Vietnam
50%
Tuvalu
47%
No matching quizzes found
Score Distribution
Percent of People with Each Score
Percentile by Number Answered
Your Score History
You have not taken this quiz